[Event "Bundesliga 2122"]
[Site "Germany"]
[Date "2022.04.30"]
[Round "5.5"]
[White "Jakubowski, Krzysztof"]
[Black "Doettling, Fabian"]
[Result "1/2-1/2"]
[WhiteElo "2475"]
[BlackElo "2587"]
[PlyCount "40"]
[EventDate "2022.03.05"]
[EventType "team-tourn"]
[EventRounds "15"]
[EventCountry "GER"]
[SourceTitle "EXT 2023"]
[Source "ChessBase"]
[SourceDate "2022.10.05"]
[SourceVersion "1"]
[SourceVersionDate "2022.10.05"]
[SourceQuality "1"]
[WhiteTeam "Berlin SF"]
[BlackTeam "Baden-Baden"]
[WhiteTeamCountry "GER"]
[BlackTeamCountry "GER"]

1. e4 c6 2. Nf3 d5 3. d3 dxe4 4. dxe4 Qxd1+ 5. Kxd1 Nf6 6. Nfd2 g6 7. f3 Bh6 8. a4 Be6 9. Nb3 Bxc1 10. Nxc1 Nbd7 11. Nd2 0-0-0 12. Nd3 g5 13. Ke2 h6 14. Ke3 Ne8 15. h4 Nd6 16. b3 f5 17. g3 fxe4 18. fxe4 Nf7 19. hxg5 hxg5 20. Bg2 Nfe5 1/2-1/2

[Event "Verbandsliga Suedbaden 1718"]
[Site "Baden"]
[Date "2018.04.22"]
[Round "8.1"]
[White "Doettling, Fabian"]
[Black "Eschbach, Dennis"]
[Result "1/2-1/2"]
[WhiteElo "2587"]
[BlackElo "2420"]
[PlyCount "117"]
[EventDate "2017.10.08"]
[EventType "team-tourn"]
[EventRounds "9"]
[EventCountry "GER"]
[SourceTitle "EXT 2019"]
[Source "ChessBase"]
[SourceDate "2018.10.10"]
[SourceVersion "1"]
[SourceVersionDate "2018.10.10"]
[SourceQuality "1"]
[WhiteTeam "Baden-Baden IV"]
[BlackTeam "Waldshut"]
[WhiteTeamCountry "GER"]
[BlackTeamCountry "GER"]

1. d4 Nf6 2. Nf3 c5 3. d5 b5 4. Bg5 Qb6 5. Bxf6 Qxf6 6. c3 a6 7. e4 g5 8. Nfd2 d6 9. a4 b4 10. Nc4 Nd7 11. Be2 Bg7 12. 0-0 0-0 13. Qc2 a5 14. Rc1 Ba6 15. Ne3 Bb7 16. Nd2 Ne5 17. Ndc4 Nxc4 18. Bxc4 h5 19. Qe2 g4 20. Nf5 Bc8 21. Nxg7 Kxg7 22. cxb4 axb4 23. e5 Qg5 24. Re1 Ra7 25. b3 Bf5 26. Qb2 Kh7 27. Re3 h4 28. Rae1 Rg8 29. Qe2 Rg7 30. Bd3 Bxd3 31. Qxd3+ Rg6 32. Qc4 Kg7 33. Qb5 Ra8 34. Qb7 Rh8 35. Qb5 Qh6 36. Qd3 Rg5 37. Qe2 Qg6 38. Qb2 Kh7 39. Qe2 Rd8 40. Qc4 Kg7 41. Re4 Ra8 42. Qe2 Qf5 43. Qb2 Kg6 44. Qc1 h3 45. Qc4 Kg7 46. R1e3 Rh8 47. g3 f6 48. exf6+ exf6 49. Rd3 Kf7 50. Kf1 Re8 51. Rxe8 Kxe8 52. a5 Kf7 53. a6 Rg8 54. Re3 Ra8 55. Re6 Qb1+ 56. Re1 Qf5 57. Re6 Qb1+ 58. Re1 Qf5 59. Re6 1/2-1/2

[Event "Verbandsliga Suedbaden 1718"]
[Site "Baden"]
[Date "2018.03.11"]
[Round "7.1"]
[White "Roos, Jean Luc"]
[Black "Doettling, Fabian"]
[Result "1/2-1/2"]
[WhiteElo "2251"]
[BlackElo "2587"]
[PlyCount "54"]
[EventDate "2017.10.08"]
[EventType "team-tourn"]
[EventRounds "9"]
[EventCountry "GER"]
[SourceTitle "EXT 2019"]
[Source "ChessBase"]
[SourceDate "2018.10.10"]
[SourceVersion "1"]
[SourceVersionDate "2018.10.10"]
[SourceQuality "1"]
[WhiteTeam "Kuppenheim"]
[BlackTeam "Baden-Baden IV"]
[WhiteTeamCountry "GER"]
[BlackTeamCountry "GER"]

1. e4 c6 2. d4 d5 3. e5 Bf5 4. Nd2 e6 5. Nb3 Nd7 6. Nf3 Ne7 7. Be2 Nc8 8. 0-0 Be7 9. a4 0-0 10. a5 a6 11. Be3 Na7 12. c4 dxc4 13. Bxc4 Nb5 14. Be2 Nc7 15. Rc1 Nd5 16. Bd2 Rc8 17. Rc4 Qc7 18. Bg5 Bxg5 19. Nxg5 h6 20. Nf3 Nf4 21. Qd2 Nxe2+ 22. Qxe2 Rfd8 23. Rfc1 Nf8 24. Nc5 Nd7 25. Nb3 Nf8 26. Nc5 Nd7 27. Nb3 Nf8 1/2-1/2

[Event "Verbandsliga Suedbaden 1516"]
[Site "Baden"]
[Date "2016.02.14"]
[Round "6.1"]
[White "Doettling, Fabian"]
[Black "Ruff, Maximilian"]
[Result "1/2-1/2"]
[WhiteElo "2589"]
[BlackElo "2318"]
[PlyCount "35"]
[EventDate "2015.09.27"]
[EventType "team-tourn"]
[EventRounds "9"]
[EventCountry "GER"]
[SourceTitle "EXT 2022"]
[Source "ChessBase"]
[SourceDate "2021.10.06"]
[SourceVersion "1"]
[SourceVersionDate "2021.10.06"]
[SourceQuality "1"]
[WhiteTeam "Baden Baden IV"]
[BlackTeam "Sasbach"]
[WhiteTeamCountry "GER"]
[BlackTeamCountry "GER"]

1. d4 Nf6 2. Nf3 e6 3. c4 Bb4+ 4. Nbd2 0-0 5. a3 Be7 6. e3 c5 7. dxc5 Bxc5 8. Bd3 Be7 9. 0-0 b6 10. e4 d6 11. b4 Bb7 12. Bb2 Nbd7 13. Re1 Rc8 14. Qb3 Qc7 15. h3 Rfd8 16. Rad1 Qb8 17. Bf1 Bf8 18. Qe3 1/2-1/2

[Event "FRA-chT Top 12"]
[Site "Montpellier"]
[Date "2015.06.04"]
[Round "6"]
[White "Doettling, Fabian"]
[Black "Sasikiran, Krishnan"]
[Result "1/2-1/2"]
[WhiteElo "2588"]
[BlackElo "2642"]
[PlyCount "31"]
[EventDate "2015.05.30"]
[EventType "team-tourn"]
[EventRounds "11"]
[EventCountry "FRA"]
[SourceTitle "CBM 166 Extra"]
[Source "ChessBase"]
[SourceDate "2015.06.18"]
[SourceVersion "1"]
[SourceVersionDate "2015.06.18"]
[SourceQuality "1"]
[WhiteTeam "Strasbourg"]
[BlackTeam "Grasse Echecs"]
[WhiteTeamCountry "FRA"]
[BlackTeamCountry "FRA"]

1. d4 Nf6 2. Nf3 g6 3. c4 Bg7 4. Nc3 0-0 5. e4 d6 6. Be2 e5 7. 0-0 Nc6 8. dxe5 Nxe5 9. Bf4 Nc6 10. Qc2 Re8 11. Rfe1 Bd7 12. Rad1 Qc8 13. h3 Nb4 14. Qb1 a5 15. Bf1 a4 16. Nd4 1/2-1/2

[Event "FRA-chT Top 12"]
[Site "Montpellier"]
[Date "2015.06.01"]
[Round "3.1"]
[White "Feller, Sebastien"]
[Black "Doettling, Fabian"]
[Result "1/2-1/2"]
[WhiteElo "2626"]
[BlackElo "2588"]
[PlyCount "54"]
[EventDate "2015.05.30"]
[EventType "team-tourn"]
[EventRounds "11"]
[EventCountry "FRA"]
[SourceTitle "CBM 166 Extra"]
[Source "ChessBase"]
[SourceDate "2015.06.18"]
[SourceVersion "1"]
[SourceVersionDate "2015.06.18"]
[SourceQuality "1"]
[WhiteTeam "Evry Grand Roque"]
[BlackTeam "Strasbourg"]
[WhiteTeamCountry "FRA"]
[BlackTeamCountry "FRA"]

1. d4 d5 2. c4 e6 3. Nf3 Nf6 4. g3 Be7 5. Bg2 0-0 6. 0-0 dxc4 7. Ne5 Nc6 8. Bxc6 bxc6 9. Nxc6 Qe8 10. Nxe7+ Qxe7 11. Na3 Rd8 12. Qc2 c5 13. dxc5 Qxc5 14. Qxc4 Qxc4 15. Nxc4 Ba6 16. b3 Bxc4 17. bxc4 Rdc8 18. Be3 Rxc4 19. Rfc1 Ra4 20. a3 h6 21. Bc5 Rc8 22. f3 Ra6 23. Kf2 Nd5 24. e4 Rac6 25. exd5 Rxc5 26. Rxc5 Rxc5 27. dxe6 fxe6 1/2-1/2

[Event "FRA-chT Top 12"]
[Site "Montpellier"]
[Date "2015.05.30"]
[Round "1.1"]
[White "Demuth, Adrien"]
[Black "Doettling, Fabian"]
[Result "0-1"]
[WhiteElo "2515"]
[BlackElo "2588"]
[PlyCount "92"]
[EventDate "2015.05.30"]
[EventType "team-tourn"]
[EventRounds "11"]
[EventCountry "FRA"]
[SourceTitle "CBM 166 Extra"]
[Source "ChessBase"]
[SourceDate "2015.06.18"]
[SourceVersion "1"]
[SourceVersionDate "2015.06.18"]
[SourceQuality "1"]
[WhiteTeam "Poitiers Migne"]
[BlackTeam "Strasbourg"]
[WhiteTeamCountry "FRA"]
[BlackTeamCountry "FRA"]

1. d4 d5 2. c4 e6 3. Nc3 Be7 4. Nf3 Nf6 5. Bf4 0-0 6. e3 Nbd7 7. Qc2 c5 8. Rd1 Qa5 9. Nd2 cxd4 10. exd4 dxc4 11. Nxc4 Qd8 12. Bd3 Nb6 13. Nxb6 Qxb6 14. 0-0 Bd7 15. Rfe1 Rac8 16. Be5 h6 17. Qe2 Bc6 18. Bb1 Rfd8 19. Qc2 Kf8 20. Re3 Ng4 21. Bxg7+ Kxg7 22. Qh7+ Kf6 23. Rxe6+ Kxe6 24. Qf5+ Kd6 25. Qf4+ Kd7 26. Bf5+ Ke8 27. Qxg4 Rc7 28. d5 Kf8 29. Qh5 Be8 30. Ne4 Qxb2 31. d6 Bxd6 32. Nxd6 Qf6 33. Nxe8 Rxd1+ 34. Qxd1 Kxe8 35. g4 Kf8 36. Kg2 Kg7 37. f3 Qb2+ 38. Kh3 Rc1 39. Qd6 Rf1 40. Be4 b6 41. a4 Ra1 42. Bc6 Qf6 43. Qd5 Ra3 44. Qe4 Ra2 45. Bd5 Rd2 46. Bb3 Qd6 0-1

[Event "GER CupT final"]
[Site "Magdeburg"]
[Date "2015.05.09"]
[Round "1.2"]
[White "Doettling, Fabian"]
[Black "Glienke, Manfred"]
[Result "1-0"]
[WhiteElo "2588"]
[BlackElo "2282"]
[PlyCount "51"]
[EventDate "2015.05.09"]
[EventType "team-k.o."]
[EventRounds "2"]
[EventCountry "GER"]
[SourceTitle "CBM 166 Extra"]
[Source "ChessBase"]
[SourceDate "2015.06.18"]
[SourceVersion "1"]
[SourceVersionDate "2015.06.18"]
[SourceQuality "1"]
[WhiteTeam "Baden-Baden"]
[BlackTeam "Berlin Kreuzberg"]
[WhiteTeamCountry "GER"]
[BlackTeamCountry "GER"]

1. d4 d5 2. Nf3 Nf6 3. c4 c6 4. cxd5 cxd5 5. Nc3 e6 6. Bf4 Nc6 7. e3 a6 8. Bd3 b5 9. 0-0 Bb7 10. Rc1 Qb6 11. Ne5 Nxe5 12. Bxe5 Bd6 13. a4 Bxe5 14. dxe5 Nd7 15. axb5 Nxe5 16. Na4 Qd8 17. Nc5 Nxd3 18. Qxd3 Qb6 19. bxa6 Bc6 20. Qd4 Bb5 21. Qxg7 Rf8 22. Rfd1 Rc8 23. Nxe6 Qxe6 24. Rxc8+ Qxc8 25. Qe5+ Qe6 26. Qb8+ 1-0

[Event "GER CupT final"]
[Site "Magdeburg"]
[Date "2014.05.11"]
[Round "2.3"]
[White "Nyzhnyk, Illya"]
[Black "Doettling, Fabian"]
[Result "1/2-1/2"]
[WhiteElo "2627"]
[BlackElo "2583"]
[PlyCount "35"]
[EventDate "2014.05.10"]
[EventType "team-k.o."]
[EventRounds "2"]
[EventCountry "GER"]
[SourceTitle "CBM 160 Extra"]
[Source "ChessBase"]
[SourceDate "2014.07.01"]
[SourceVersion "1"]
[SourceVersionDate "2014.07.01"]
[SourceQuality "1"]
[WhiteTeam "Koeln Porz"]
[BlackTeam "Baden-Baden"]
[WhiteTeamCountry "GER"]
[BlackTeamCountry "GER"]

1. d4 d5 2. c4 e6 3. Nc3 Be7 4. Bf4 Nf6 5. e3 0-0 6. a3 b6 7. Nb5 Na6 8. Qc2 c6 9. Nc3 c5 10. Nf3 cxd4 11. Nxd4 Bb7 12. Rd1 Nc5 13. Be2 Qc8 14. b4 Nce4 15. Nxe4 Nxe4 16. f3 Nf6 17. Nb5 Qc6 18. Nd4 1/2-1/2

[Event "GER CupT final"]
[Site "Berlin"]
[Date "2013.06.08"]
[Round "1.4"]
[White "Baklan, Vladimir"]
[Black "Doettling, Fabian"]
[Result "1/2-1/2"]
[WhiteElo "2613"]
[BlackElo "2585"]
[PlyCount "63"]
[EventDate "2013.06.08"]
[EventType "team-k.o."]
[EventRounds "2"]
[EventCountry "GER"]
[SourceTitle "EXT 2017"]
[Source "ChessBase"]
[SourceDate "2016.10.25"]
[SourceVersion "1"]
[SourceVersionDate "2016.10.25"]
[SourceQuality "1"]
[WhiteTeam "Koeln Porz"]
[BlackTeam "Baden-Baden"]
[WhiteTeamCountry "GER"]
[BlackTeamCountry "GER"]

1. e4 c6 2. d4 d5 3. e5 Bf5 4. Nf3 e6 5. Be2 Nd7 6. 0-0 Bg6 7. c3 h6 8. Ne1 Ne7 9. Nd3 c5 10. Nf4 Bf5 11. Be3 Nc6 12. Nh5 Qb6 13. Qd2 Bg6 14. f4 Rc8 15. Rc1 cxd4 16. cxd4 Bb4 17. Nc3 0-0 18. Qd1 Bxc3 19. bxc3 Na5 20. Ng3 Nc4 21. Bf2 f6 22. Bf3 Qc6 23. Qe2 fxe5 24. fxe5 Rf7 25. Rf1 Rcf8 26. Be1 Ndb6 27. Bg4 Rxf1+ 28. Nxf1 Bf5 29. Bf3 Bg6 30. Bg4 Bf5 31. Bf3 Bg6 32. Bg4 1/2-1/2

[Event "FRA-chT Top 16 Gp Basse"]
[Site "Guingamp"]
[Date "2010.06.06"]
[Round "11.3"]
[White "Doettling, Fabian"]
[Black "Lazarev, Vladimir"]
[Result "1-0"]
[WhiteElo "2571"]
[BlackElo "2463"]
[PlyCount "93"]
[EventDate "2010.06.03"]
[EventType "team-tourn"]
[EventRounds "11"]
[EventCountry "FRA"]
[SourceTitle "EXT 2011"]
[Source "ChessBase"]
[SourceDate "2010.11.26"]
[SourceVersion "1"]
[SourceVersionDate "2010.11.26"]
[SourceQuality "1"]
[WhiteTeam "Strasbourg"]
[BlackTeam "Drancy"]
[WhiteTeamCountry "FRA"]
[BlackTeamCountry "FRA"]

1. d4 Nf6 2. Nf3 d5 3. c4 e6 4. Nc3 Bb4 5. Bg5 h6 6. Bxf6 Qxf6 7. e3 0-0 8. Qb3 c5 9. cxd5 exd5 10. dxc5 Bxc3+ 11. Qxc3 Qxc3+ 12. bxc3 Be6 13. Bb5 Rc8 14. Kd2 Rxc5 15. Nd4 Rc7 16. Rhb1 Nd7 17. Bxd7 Bxd7 18. a4 Kf8 19. a5 Ke7 20. Rb4 Kd8 21. h4 g5 22. hxg5 hxg5 23. Rab1 Rc5 24. Nb3 Rc7 25. Rd4 Rac8 26. Rxd5 Rxc3 27. Rxg5 Rc2+ 28. Ke1 Ke7 29. Nd4 Rc1+ 30. Rxc1 Rxc1+ 31. Kd2 Ra1 32. e4 Ra2+ 33. Ke3 b6 34. axb6 axb6 35. Rg8 Ra3+ 36. Kf4 Ra4 37. Nf5+ Kf6 38. g4 Bxf5 39. gxf5 Rb4 40. f3 Ke7 41. Kg5 Rb1 42. f6+ Kd7 43. Kf5 Rh1 44. e5 b5 45. e6+ fxe6+ 46. Ke4 Rh4+ 47. Ke3 1-0

[Event "FRA-chT Top 16 GpB"]
[Site "France"]
[Date "2009.05.03"]
[Round "7"]
[White "Tkachiev, Vladislav"]
[Black "Doettling, Fabian"]
[Result "1/2-1/2"]
[WhiteElo "2657"]
[BlackElo "2564"]
[PlyCount "35"]
[EventDate "2009.03.20"]
[EventType "team"]
[EventRounds "7"]
[EventCountry "FRA"]
[SourceTitle "CBM 129 Extra"]
[Source "ChessBase"]
[SourceDate "2009.05.05"]
[SourceVersion "2"]
[SourceVersionDate "2009.05.20"]
[SourceQuality "1"]

1. e4 c6 2. c4 d5 3. exd5 cxd5 4. d4 Nf6 5. Nc3 e6 6. Nf3 Bb4 7. cxd5 Nxd5 8. Qc2 Nc6 9. Bc4 0-0 10. 0-0 h6 11. Rd1 Bd6 12. Qe2 Nce7 13. Ne5 Nxc3 14. bxc3 Qc7 15. Qg4 Nf5 16. Rb1 Rd8 17. Re1 Bxe5 18. dxe5 1/2-1/2

[Event "FRA-chT Top 16 GpB"]
[Site "France"]
[Date "2009.05.02"]
[Round "6"]
[White "Doettling, Fabian"]
[Black "Eliet, Nicolas"]
[Result "1-0"]
[WhiteElo "2564"]
[BlackElo "2429"]
[PlyCount "69"]
[EventDate "2009.03.20"]
[EventType "team"]
[EventRounds "7"]
[EventCountry "FRA"]
[SourceTitle "CBM 129 Extra"]
[Source "ChessBase"]
[SourceDate "2009.05.05"]
[SourceVersion "2"]
[SourceVersionDate "2009.05.20"]
[SourceQuality "1"]

1. d4 Nf6 2. Nf3 d5 3. c4 c6 4. cxd5 cxd5 5. Nc3 a6 6. Bf4 e6 7. e3 Be7 8. Ne5 Nc6 9. Bd3 Nd7 10. Nf3 Nf6 11. h3 b5 12. 0-0 Bb7 13. Nd2 0-0 14. Nb3 Nd7 15. Rc1 f5 16. Ne2 Rc8 17. Bh2 Qb6 18. Nf4 Nb4 19. Bb1 a5 20. Qd2 g5 21. Rxc8 Rxc8 22. Ne2 Nc6 23. g4 fxg4 24. hxg4 a4 25. Nbc1 Nf6 26. f3 Qa5 27. Qd1 Rf8 28. Nd3 b4 29. Ne5 Qa7 30. Qd2 Ba8 31. Rc1 Nxe5 32. Bxe5 Ne8 33. Bxh7+ Kxh7 34. Qd3+ Kh6 35. Kg2 1-0

[Event "FRA Cup final"]
[Site "Paris"]
[Date "2008.06.28"]
[Round "1"]
[White "Fressinet, Laurent"]
[Black "Doettling, Fabian"]
[Result "1/2-1/2"]
[WhiteElo "2656"]
[BlackElo "2544"]
[PlyCount "31"]
[EventDate "2008.06.28"]
[EventType "team"]
[EventRounds "1"]
[EventCountry "FRA"]
[SourceTitle "EXT 2010"]
[Source "ChessBase"]
[SourceDate "2010.11.25"]
[SourceVersion "1"]
[SourceVersionDate "2010.11.25"]
[SourceQuality "1"]
[WhiteTeam "Clichy"]
[BlackTeam "Strasbourg"]
[WhiteTeamCountry "FRA"]
[BlackTeamCountry "FRA"]

1. e4 c6 2. d4 d5 3. e5 Bf5 4. Nd2 e6 5. Nb3 c5 6. dxc5 Bxc5 7. Nxc5 Qa5+ 8. c3 Qxc5 9. Qa4+ Nc6 10. Be3 Qa5 11. Qxa5 Nxa5 12. Nf3 Ne7 13. Bb5+ Nac6 14. Nd4 Bg6 15. Nxc6 Nxc6 16. Bc5 1/2-1/2

[Event "FRA-chT Top 16 GpB"]
[Site "France"]
[Date "2008.04.12"]
[Round "6"]
[White "Doettling, Fabian"]
[Black "Sulava, Nenad"]
[Result "1/2-1/2"]
[WhiteElo "2544"]
[BlackElo "2494"]
[PlyCount "47"]
[EventDate "2008.03.22"]
[EventType "team"]
[EventRounds "7"]
[EventCountry "FRA"]
[SourceTitle "CBM 123 Extra"]
[Source "ChessBase"]
[SourceDate "2008.05.06"]
[SourceVersion "1"]
[SourceVersionDate "2008.05.06"]
[SourceQuality "1"]

1. d4 e6 2. c4 Bb4+ 3. Nd2 b6 4. a3 Bxd2+ 5. Qxd2 Nf6 6. Nf3 0-0 7. e3 Bb7 8. Be2 d6 9. b4 Nbd7 10. 0-0 Ne4 11. Qd3 f5 12. Bb2 Rf6 13. d5 Rh6 14. Rad1 c5 15. g3 Rg6 16. Ne1 cxb4 17. f3 Nxg3 18. hxg3 Rxg3+ 19. Kf2 Qh4 20. Rg1 Rg6+ 21. Kf1 Qh3+ 22. Kf2 Qh4+ 23. Kf1 Qh3+ 24. Kf2 1/2-1/2

[Event "FRA-chT Top 16 GpB"]
[Site "France"]
[Date "2008.04.10"]
[Round "4"]
[White "Sasikiran, Krishnan"]
[Black "Doettling, Fabian"]
[Result "1/2-1/2"]
[WhiteElo "2677"]
[BlackElo "2544"]
[PlyCount "67"]
[EventDate "2008.03.22"]
[EventType "team"]
[EventRounds "7"]
[EventCountry "FRA"]
[SourceTitle "CBM 123 Extra"]
[Source "ChessBase"]
[SourceDate "2008.05.06"]
[SourceVersion "1"]
[SourceVersionDate "2008.05.06"]
[SourceQuality "1"]

1. d4 d5 2. c4 e6 3. Nc3 Be7 4. Nf3 Nf6 5. Bg5 h6 6. Bh4 0-0 7. e3 b6 8. Be2 Bb7 9. Bxf6 Bxf6 10. cxd5 exd5 11. 0-0 c5 12. dxc5 bxc5 13. Qb3 Bc6 14. Rad1 Nd7 15. Nxd5 Rb8 16. Qa3 Bxb2 17. Qa6 Bxd5 18. Rxd5 Qc7 19. Rfd1 Nb6 20. R5d2 Bf6 21. Rc2 Rfc8 22. g3 Qe7 23. Rdc1 Rc7 24. Nd4 Bxd4 25. exd4 c4 26. a4 c3 27. Rxc3 Rxc3 28. Rxc3 Nxa4 29. Rc8+ Rxc8 30. Qxc8+ Qf8 31. Qc7 Nb6 32. Bf3 Nc8 33. Bg4 Nd6 34. Qxa7 1/2-1/2